00393nam a2200145Ia 450000500170000000800410001703700130005804000200007104100130009108400230010410000170012724500650014426000290020930000090023820250326124210.0250326s9999 xx 000 0 und d aTextbook aFMSLbengcFMSL aeng2eng aX:51(SNI) K4qFMSL aHolloway R J 0aEnvironment of marketing behaviorcHolloway R J; Hancock R S aNYbNY, John Wileyc1964 a352p